000 00642nam a2200205Ia 4500
005 20220707125219.0
008 131103s9999 xx 000 0 und d
040 _aLoreto College
041 _aEnglish
082 _a305.8
_bBLA
245 _aBlack Political attitudes
_b implications for political support
_cedited by Charles S.Bullock and Harrell R.Rodgers
260 _aChicago
_bMarkham Publishing Company
_c1972
300 _axvii,203 p.
_b illus.,tables
440 _aMarkham Political Science Series
504 _aIncludes Notes
650 _aSocial Groups
700 _aBullock,Charles S.,ed.
850 _aLCLIB
942 _cBK
999 _c12825
_d63304